000 01117nam a2200241 a 4500
001 21662
003 CO-ViMGA
008 141112s2004 ck r 000 u spa d
020 _a9583503827
040 _aCO-ViMGA
_bspa
_cCO-ViMGA
082 0 4 _a345 A483gr
100 1 _aAgudelo Betancurt, Nódier
_930918
245 1 0 _aGrandes corrientes del derecho penal :
_bEscuela clásica
250 _a3
260 _aBogotá :
_bTemis,
_c2002
300 _a132
505 _aCaracterización general de la obra carrariana y su proyección actual 3 - - Mirada de conjunto sobre el pensamiento de carrara como epígono de la escuela clásica 13 - - Las corrientes del pensamiento que confluyen en la obra de Carrara 33 - - Carrara y su contexto histórico y político 105 - - Cronología 139
590 _aForma de adquisición : Donación fact. 8854 - - Precio : 16000 - - Proveedor : Fundación exito - - Fecha de adquisición : Junio 2007
650 1 4 _aCARRARA - FRANCOISE, 1805 - 1888 - CRITICA E INTERPRETACION
_930919
650 1 4 _aDERECHO PENAL
650 1 4 _aESCUELAS DEL DERECHO PENAL
_930920
942 _2ddc
_cBK
999 _c30226
_d30226